Schwedische Impulse im Städtebau im lettischen Teil Livlands im 16. und 17. Jahrhundert
| Titel: | Schwedische Impulse im Städtebau im lettischen Teil Livlands im 16. und 17. Jahrhundert |
|---|---|
| Verfasser: | |
| In: |
Riga und der Ostseeraum, (2005), Seite 380-399, 12 Abb. alle Artikel anzeigen |
| Veröffentlicht: | 2005 |
| Format: | Aufsatz |
| Sprache: | Deutsch |
X
alg: 39164150 001A $01999:11-11-16 001B $01999:15-05-21 $t21:01:12.000 001D $01999:11-11-16 001U $0utf8 001X $00 002@ $0Aox 003@ $0391641506 007A $0391641506 $aHEB 007T $0Herd79228 010@ $ager 011@ $a2005 021A $aSchwedische Impulse im Städtebau im lettischen Teil Livlands im 16. und 17. Jahrhundert 028A $#Spārītis, O. $7123938481 $8Spārītis, Ojārs$Z1955- [Tp1] $9154734373 031A $h380-399, 12 Abb. $j2005 039B $aIn $8--Aau--. Riga und der Ostseeraum. - Marburg : Verl. Herder-Institut, 2005. - VIII, 486 S.. - Ill., graph. Darst., Kt.. - ISBN 3-87969-319-6 $x200500000000000620 $9133615367 045F $a709.4796 $eDDC23BSB 045F/01 $a709 045F/03 $g4796 lok: 39164150 78 exp: 39164150 78 1 #EPN 201B/01 $001-03-19 $t22:51:33.000 201U/01 $0utf8 203@/01 $0787736023 208@/01 $a11-11-16 $be 209A/01 $a/ $f000 $x00 220C/01 $aTitelaufnehmer: cs 244Z/01 $2Trx $#Latvija $#Lettland $#Łotwa $#Lotyšsko $8--Trx--Latvija $x01 $9391275879 244Z/01 $#Sverigg $#Sweden $#Suède $#Konungariket Sverige $#Švecija $#Königreich Schweden $#Suecia $#Svezia $#Sverige $#Zviedrija $#Zweden $#Szwecja $#Kingdom of Sweden $74077258-5 $8--Tgz--Schweden $x02 $9085218812 244Z/01 $#Liivimaa $#Vidzeme $#Livonija $#Vidzeme $#Livonia $#Inflanty $74036075-1 $8--Tg1--Livland $x03 $9085097721 244Z/01 $2Trx $#Marienburg Lettland $8--Trx--Alūksne $x04 $9391184792 244Z/01 $2Trx $#Kokenhusen Jakobstadt $#Kukenois $8--Trx--Koknese$gJēkabpils $x05 $9391175289 244Z/01 $2Trx $#Wolmar $8--Trx--Valmiera $x06 $939118024X 244Z/01 $aGeschichte 1500-1700 $x07 244Z/01 $2Trx $#linnakujundus ja linnade ehitus $#urbanistika $#Municipal construction $#várostervezés és -építés $#urbanistyka $#urbanistika $#urbanistika $#Städtebau $8--Trx--Stadtplanung und Städtebau $x08 $9391374583 244Z/01 $2Trx $#suhted, Liivi-Rootsi $#santykiai, Livonijos ir Švedijos $#relations, Livonian-Swedish $#kapcsolatok, lív-svéd $#stosunki inflancko-szwedzkie $#vzťahy livónsko-švédske $#vztahy livonsko-švédské $8--Trx--Beziehungen, livländisch-schwedische $x09 $9391363999 244Z/01 $2Trx $8--Trx--Einzelbeiträge $x10 $9391384570 245Z/01 $a11.11 $x01 247C/01 $82080>Marburg/Lahn, Herder-Institut, Forschungsbibliothek, Bibliographieportal $9336309341
| LEADER | 00000caa a22000002c 4500 | ||
|---|---|---|---|
| 001 | 391641506 | ||
| 003 | DE-603 | ||
| 005 | 20210515210112.0 | ||
| 007 | tu | ||
| 008 | 161111s2005 xx |||| | u00||u|ger c | ||
| 035 | |a (DE-599)HEB391641506 | ||
| 040 | |a DE-603 |b ger |c DE-603 |d DE-603 | ||
| 041 | |a ger | ||
| 082 | 0 | 4 | |8 1\u |a 709.4796 |q DE-101 |2 23/BSB |
| 085 | |8 1\u |b 709 | ||
| 085 | |8 1\u |z 2 |s 4796 | ||
| 100 | 1 | |a Spārītis, Ojārs |d 1955- |0 (DE-603)154734373 |0 (DE-588)123938481 |2 gnd | |
| 245 | 0 | 0 | |a Schwedische Impulse im Städtebau im lettischen Teil Livlands im 16. und 17. Jahrhundert |
| 264 | 0 | |c 2005 | |
| 773 | 0 | 8 | |i In |t Riga und der Ostseeraum |d Marburg : Verl. Herder-Institut, 2005 |h VIII, 486 S., Ill., graph. Darst., Kt. |z 3879693196 |g (2005), Seite 380-399, 12 Abb. |w (DE-603)133615367 |
| 924 | 0 | |9 2080 |a (DE-603)787736023 |b DE-2080 |c HES |d d |g / | |


